000 00255cam a22000977a 4500
008 180718b1947 xxu||||| |||| 00| 0 eng d
082 _aA42x54 A/IN
245 _aIndian independence act
260 _aDelhi
_bThe Manager of Publications
_c1947
300 _a15p.
999 _c487436
_d487436